| 000 | 00579nam a2200193 i 4500 | ||
|---|---|---|---|
| 001 | 103640 | ||
| 003 | ES-MaACL | ||
| 005 | 20230906183420.0 | ||
| 007 | t| | ||
| 008 | 060426s1985 pr ||||1| spa d | ||
| 080 | _a821.134.2(729.5)-14"19" | ||
| 100 | 1 |
_aLloréns Torres, Luis. _972896 |
|
| 245 | 1 | 0 |
_aAlturas de América / _cLuis Lloréns Torres ; introducción: Carlos de Arce. |
| 250 | _a5ª ed. | ||
| 260 |
_aSan Juan, Puerto Rico : _bCordillera, _c1985. |
||
| 300 |
_a274 p. ; _c19 cm. |
||
| 700 | 1 |
_aArce, Carlos de. _922446 |
|
| 852 |
_aES-MaACL _jC-56867 _bR.137499 |
||
| 999 |
_c103640 _d103640 |
||